Word Ladder: Usain Sprint Double Quiz Stats

 Plays Quiz Updated Aug 17, 2012

Support Sporcle.
Go Orange.
Score 0/38 Timer 03:00
0 Plays Today
Clue Answer % Correct
Leather strap worn round the waistBELT
97.3%
Jamaican Sprinter: Usain ____★ BOLT ★
95.1%
Missile shot by a crossbow★ BOLT ★
95.1%
No ifs or ____BUTS
93.8%
Gambles: takes a riskBETS
88.7%
In the most excellent way or mannerBEST
88.5%
Olympians favorite color★ GOLD ★
85.8%
Inner part of an archery target★ GOLD ★
85.8%
Succeeds in obtaining★ GETS ★
84.9%
Makes an acquisition★ GETS ★
84.9%
Automated mechanical beingsBOTS
84.6%
Relative absence of heatCOLD
83.9%
Porgy's partner or Elizabeth IBESS
81.6%
A kitchen or study for exampleROOM
80.7%
____ hear it for the boy !LET'S
80%
Fortitude and determinationGUTS
79.7%
Young male horseCOLT
77.4%
Second letter of the Greek alphabetBETA
77.4%
Part of a tooth embedded in the jawROOT
74.2%
Clue Answer % Correct
ABC TV series about plane crash survivorsLOST
73.2%
Where animals are kept for exhibitionZOOS
71.8%
Run extremely fastZOOM
70.4%
Sounds of disapproval or contemptBOOS
70.3%
To a smaller or lower degreeLESS
69.2%
Something written by an authorBOOK
66.4%
Part of car that covers the engineHOOD
63.4%
Black riverside birdCOOT
62.7%
Textile machine for weaving yarnLOOM
62.3%
Goods or money illegally obtainedLOOT
61.8%
Barbed device used by anglersHOOK
61.2%
Euphemistic expression for deathLOSS
60.6%
Having desirable or positive qualitiesGOOD
58.3%
Lugosi or Bartók BELA
58.3%
State of economic prosperityBOOM
57.4%
Japanese footware with wooden solesGETA
56.8%
Throwing weapon (or Spanish for ball)BOLA
53.4%
Olympic distance ran in 9.63 seconds★ 1OOm ★
50.4%
Olympic distance ran in 19.30 seconds★ 2OOm ★
42.4%

Today's Daily Dose

Missing Word
'80s Musicals

Word Ladder
Hereditary

Get the Picture
Food Names

From the Vault

Two Clues: 'M' Words

by MSUKent

We find 'M' to be the most delicious letter.
Remove Ads.
Support Sporcle.
Get the best of Sporcle when you Go Orange. This ad-free experience offers more features, more stats, and more fun while also helping to support Sporcle. Thank you for becoming a member.

Show Comments

Extras

Top Quizzes Today


Score Distribution

Your Account Isn't Verified!

In order to create a playlist on Sporcle, you need to verify the email address you used during registration. Go to your Sporcle Settings to finish the process.

Report this User

Report this user for behavior that violates our Community Guidelines.

Details: